Capitals of Former Soviet Countries - Statistics

General Stats
  • This quiz has been taken 276 times
  • The average score is 13 of 15
Answer Stats
Hint Answer % Correct
Ukraine Kiev
97%
Belarus Minsk
93%
Latvia Riga
92%
Russia Moscow
90%
Estonia Tallinn
90%
Lithuania Vilnius
86%
Kazakhstan Astana
85%
Azerbaijan Baku
85%
Georgia Tbilisi
83%
Uzbekistan Tashkent
82%
Armenia Yerevan
81%
Kyrgyzstan Bishkek
76%
Moldova Chisinau
76%
Turkmenistan Ashgabat
72%
Tajikistan Dushanbe
71%
No matching quizzes found
Score Distribution
Percent of People with Each Score
Percentile by Number Answered
Your Score History
You have not taken this quiz